[Event "AUTO-MASTER-281"]
[Site "http://www.queenalice.com/game.php?id=182815"]
[Date "2007.3.16"]
[Round "1"]
[White "Kisei"]
[Black "Jotakarlos"]
[Result "0-1"]
[WhiteElo "2249"]
[BlackElo "2116"]

1. e4 c5 2. Nf3 Nc6 3. d4 cxd4 4. Nxd4 Nf6 5. Nc3 d6 6. Bc4 e6 7. Be3 Be7 8. Qe2
a6 9. O-O-O Qc7 10. Bb3 Na5 11. g4 b5 12. g5 Nxb3+ 13. axb3 Nd7 14. b4 O-O 15.
h4 a5 16. Ncxb5 Qb7 17. Bf4 axb4 18. Nxd6 Qb6 19. Nb3 Nc5 20. Nc4 Qb5 21. Be5
Ba6 22. Nbd2 b3 23. Rh3 bxc2 24. Kxc2 Qa4+ 25. Kc1 Rfc8 26. Rc3 Nb3+ 0-1

[Event "AUTO-MASTER-281"]
[Site "http://www.queenalice.com/game.php?id=182816"]
[Date "2007.3.16"]
[Round "1"]
[White "Jotakarlos"]
[Black "Kisei"]
[Result "1/2-1/2"]
[WhiteElo "2132"]
[BlackElo "2266"]

1. Nf3 d5 2. g3 Nf6 3. Bg2 e6 4. c4 c5 5. O-O Nc6 6. Na3 Bd6 7. cxd5 Nxd5 8. d4
O-O 9. e4 Nb6 10. Nb5 cxd4 11. Nbxd4 Bd7 12. Nb5 Be7 13. Qe2 a6 14. Nc3 Rc8 15.
Bf4 Bc5 16. Rfd1 f6 17. Rac1 e5 18. Be3 Bxe3 19. Qxe3 Nc4 20. Qe2 Nb6 21. Bh3
Bxh3 22. Rxd8 Rfxd8 23. b3 Nd4 24. Qe3 Rd7 25. Kh1 Bg4 26. Ng1 Rcd8 27. Kg2 Rd6
28. h3 1/2-1/2

[Event "AUTO-MASTER-281"]
[Site "http://www.queenalice.com/game.php?id=182823"]
[Date "2007.3.16"]
[Round "1"]
[White "Jotakarlos"]
[Black "LeAnDrU"]
[Result "1-0"]
[WhiteElo "1996"]
[BlackElo "1922"]

1. d4 Nf6 2. Nf3 e6 3. c4 b6 4. a3 Bb7 5. Nc3 d5 6. cxd5 Nxd5 7. Qc2 Nxc3 8.
bxc3 Be7 9. e4 Nd7 10. Bd3 c5 11. Bf4 1-0

[Event "AUTO-MASTER-281"]
[Site "http://www.queenalice.com/game.php?id=182824"]
[Date "2007.3.16"]
[Round "1"]
[White "LeAnDrU"]
[Black "Jotakarlos"]
[Result "0-1"]
[WhiteElo "1922"]
[BlackElo "1976"]

1. e4 e5 2. Nf3 Nf6 3. Nc3 Nc6 4. Bb5 Bb4 5. O-O O-O 6. d3 Bxc3 7. bxc3 d6 8. h3
h6 9. Bxc6 bxc6 10. c4 c5 0-1

[Event "AUTO-MASTER-283"]
[Site "http://www.queenalice.com/game.php?id=184584"]
[Date "2007.3.19"]
[Round "1"]
[White "trallala"]
[Black "Jotakarlos"]
[Result "0-1"]
[WhiteElo "1875"]
[BlackElo "2014"]

1. e4 c6 2. d4 d5 3. e5 Bf5 4. Nc3 e6 5. g4 Bg6 6. h4 h5 7. g5 Nd7 8. Nge2 c5 9.
Be3 Ne7 10. Ng3 cxd4 11. Bxd4 Nc6 12. Bd3 Nxd4 13. Bxg6 Qb6 14. Bd3 Qxb2 15. Nb5
Nxb5 16. Bxb5 Qxb5 17. Rb1 Bb4+ 0-1

[Event "AUTO-MASTER-283"]
[Site "http://www.queenalice.com/game.php?id=184585"]
[Date "2007.3.19"]
[Round "1"]
[White "Jotakarlos"]
[Black "trallala"]
[Result "1-0"]
[WhiteElo "2028"]
[BlackElo "1900"]

1. d4 d5 2. Nf3 Nf6 3. c4 e6 4. Nc3 Bb4 5. cxd5 Nxd5 6. Bd2 O-O 7. e4 Nxc3 8.
bxc3 Be7 9. Bc4 c5 10. O-O Nc6 11. Be3 cxd4 12. cxd4 Na5 13. Bd3 b6 14. Qe2 Bb7
15. Rfd1 Rc8 16. Rac1 Qd7 17. h3 f5 18. Ne5 Qa4 19. Bb5 Qa3 20. Bd7 Rxc1 21.
Bxe6+ 1-0

[Event "AUTO-MASTER-283"]
[Site "http://www.queenalice.com/game.php?id=184598"]
[Date "2007.3.19"]
[Round "1"]
[White "milo_krokodil4e"]
[Black "Jotakarlos"]
[Result "0-1"]
[WhiteElo "1910"]
[BlackElo "2079"]

1. c4 e5 2. Nc3 Nf6 3. g3 Bb4 4. Bg2 O-O 5. Nf3 Bxc3 6. bxc3 Re8 7. O-O h6 8. d3
e4 9. Nd2 exd3 10. exd3 Nc6 11. Ne4 d6 12. Re1 Bg4 13. Nxf6+ Qxf6 14. Qd2 Rxe1+
15. Qxe1 Ne5 16. Qf1 Re8 17. Bb2 Nf3+ 18. Bxf3 Qxf3 19. h3 Bd7 20. Bc1 Bc6 0-1

[Event "AUTO-MASTER-283"]
[Site "http://www.queenalice.com/game.php?id=184599"]
[Date "2007.3.19"]
[Round "1"]
[White "Jotakarlos"]
[Black "milo_krokodil4e"]
[Result "1-0"]
[WhiteElo "2100"]
[BlackElo "1926"]

1. e4 d6 2. d4 g6 3. c3 Nf6 4. Bd3 Bg7 5. Ne2 O-O 6. O-O Nbd7 7. f3 b6 8. Bg5 c5
9. Nd2 d5 10. e5 Ne8 11. f4 f5 12. c4 Nc7 13. cxd5 Qe8 14. Bxe7 Qxe7 15. d6 Qd8
16. Qb3+ Kh8 17. dxc7 Qxc7 18. Rac1 Bb7 19. Nf3 a6 20. Ng5 Qc6 21. Rf2 h6 22.
Nf7+ Kh7 23. Nd6 Rab8 24. Nxb7 Qxb7 25. g4 cxd4 26. gxf5 gxf5 27. Qe6 1-0

[Event "AUTO-MASTER-283"]
[Site "http://www.queenalice.com/game.php?id=184608"]
[Date "2007.3.19"]
[Round "1"]
[White "Jotakarlos"]
[Black "CCapivara"]
[Result "1-0"]
[WhiteElo "2089"]
[BlackElo "1937"]

1. Nf3 d6 2. d4 c6 3. c4 Nf6 4. Nc3 Bg4 5. e4 Nbd7 6. Be2 e5 7. O-O Be7 8. Be3
O-O 9. d5 cxd5 10. cxd5 a6 11. Nd2 Bxe2 12. Qxe2 b5 13. b4 Rc8 14. Rfc1 Nb6 15.
a4 Nxa4 16. Nxa4 bxa4 17. Qxa6 Ra8 18. Qc6 Ng4 19. Bb6 Qc8 20. h3 Nf6 21. b5 Nd7
22. Nc4 f5 23. Bc7 fxe4 24. b6 Rb8 25. Bxb8 Nxb8 26. Qxc8 Rxc8 27. Rxa4 Kf7 28.
Nxd6+ Bxd6 29. Rxc8 1-0

[Event "AUTO-MASTER-283"]
[Site "http://www.queenalice.com/game.php?id=184609"]
[Date "2007.3.19"]
[Round "1"]
[White "CCapivara"]
[Black "Jotakarlos"]
[Result "0-1"]
[WhiteElo "1939"]
[BlackElo "2109"]

1. e4 e5 2. f4 exf4 3. Nf3 d6 4. Bc4 h6 5. O-O g5 6. d4 Bg7 7. Nc3 Nc6 8. Kh1
Nge7 9. Ne2 Bg4 10. c3 Qd7 11. a4 f5 12. exf5 d5 13. Bd3 Bxf5 14. Re1 Be4 15.
Neg1 Qf5 16. Bf1 O-O 17. Nd2 Bc2 18. Qh5 g4 19. Qxf5 Nxf5 20. Ne2 Rae8 21. b4
Nfxd4 22. cxd4 f3 23. gxf3 gxf3 24. Ba3 fxe2 25. Bxe2 Nxd4 26. Bg4 Bxa4 27. b5
Rxe1+ 28. Rxe1 Rf2 29. Nb1 Bxb5 30. Bc5 Rf1+ 31. Rxf1 Bxf1 32. Bxa7 b6 33. Nc3
Bc4 34. Bb8 Be5 35. Na4 Nc6 36. Be6+ Kg7 37. Nxb6 cxb6 38. Bxe5+ Nxe5 0-1

[Event "AUTO-OPEN-500"]
[Site "http://www.queenalice.com/game.php?id=228411"]
[Date "2007.6.21"]
[Round "2"]
[White "grandeuberlandia"]
[Black "Jotakarlos"]
[Result "1/2-1/2"]
[WhiteElo "2197"]
[BlackElo "2154"]

1. d4 d5 2. Nf3 Nf6 3. Bf4 Bf5 4. e3 e6 5. Bd3 Bxd3 6. Qxd3 Bd6 7. O-O O-O 8.
Nbd2 Bxf4 9. exf4 c5 10. dxc5 Qc7 11. c4 Qxc5 12. f5 dxc4 13. Nxc4 exf5 14. Nd6
Nc6 15. Rad1 Ne4 16. Nxe4 fxe4 17. Qxe4 Rfe8 1/2-1/2

[Event "AUTO-OPEN-500"]
[Site "http://www.queenalice.com/game.php?id=228412"]
[Date "2007.6.21"]
[Round "2"]
[White "Jotakarlos"]
[Black "grandeuberlandia"]
[Result "1/2-1/2"]
[WhiteElo "2155"]
[BlackElo "2182"]

1. g3 d5 2. Bg2 c6 3. Nf3 Nf6 4. O-O Bf5 5. b3 h6 6. Bb2 e6 7. d3 Be7 8. Nbd2
O-O 9. Ne5 Nbd7 10. e4 Bh7 11. Nxd7 Nxd7 12. Qe2 Bc5 13. c4 Re8 14. Kh1 dxe4 15.
d4 Be7 16. Nxe4 Nf6 17. Nxf6+ Bxf6 18. Rad1 Qb6 19. Rfe1 Rad8 20. d5 Bxb2 21.
Qxb2 exd5 22. Rxe8+ Rxe8 23. cxd5 Qb4 24. h4 Be4 25. dxc6 1/2-1/2

[Event "AUTO-MASTER-283"]
[Site "http://www.queenalice.com/game.php?id=281779"]
[Date "2007.10.5"]
[Round "2"]
[White "Jotakarlos"]
[Black "declodi"]
[Result "1/2-1/2"]
[WhiteElo "2215"]
[BlackElo "2144"]

1. d4 Nf6 2. c4 e6 3. Nc3 Bb4 4. Qc2 O-O 5. Nf3 b6 6. g3 Bb7 7. Bg2 Ne4 8. Ng5
f5 9. Nxe4 fxe4 10. Bxe4 Bxe4 11. Qxe4 Nc6 12. O-O Qf6 13. d5 Nd4 14. Bf4 d6 15.
Nb5 Nxb5 16. cxb5 e5 17. Be3 Bc5 18. b4 Bxe3 19. fxe3 Qg5 20. Rf3 Rf6 21. Raf1
Raf8 22. Kg2 h5 23. h4 Qh6 24. Qd3 g5 25. hxg5 Qxg5 26. Qe4 Kg7 27. Rxf6 Rxf6
28. Rxf6 Qxf6 29. Qf3 Qg5 30. Kh3 Kg6 31. e4 Qf6 32. Qxf6+ Kxf6 33. Kh4 Kg6
1/2-1/2

[Event "AUTO-MASTER-283"]
[Site "http://www.queenalice.com/game.php?id=281780"]
[Date "2007.10.5"]
[Round "2"]
[White "declodi"]
[Black "Jotakarlos"]
[Result "0-1"]
[WhiteElo "2140"]
[BlackElo "2156"]

1. e4 c5 2. Nf3 Nc6 3. Bb5 e6 4. O-O Nge7 5. c3 a6 6. Bxc6 Nxc6 7. d4 d5 8. e5
Be7 9. Be3 cxd4 10. cxd4 Bd7 11. Nc3 O-O 12. Ne1 f6 13. f4 Be8 14. Nd3 Bg6 0-1

[Event "AUTO-MASTER-281"]
[Site "http://www.queenalice.com/game.php?id=288242"]
[Date "2007.10.17"]
[Round "2"]
[White "Chamnix"]
[Black "Jotakarlos"]
[Result "0-1"]
[WhiteElo "2059"]
[BlackElo "2176"]

1. e4 e5 2. Nf3 Nf6 3. d4 Nxe4 4. Bd3 d5 5. Nxe5 Nd7 6. Nxd7 Bxd7 7. O-O Bd6 8.
c4 c6 9. cxd5 cxd5 10. Qh5 O-O 11. Qxd5 Bc6 12. Qh5 g6 13. Qh3 Ng5 14. Qh6 Be7
15. Be3 Ne6 16. Nc3 Bf6 17. Ne4 Bg7 18. Qh3 Bxd4 19. Bh6 Re8 20. Rad1 Bxb2 21.
f4 f5 22. Ng5 Qd5 23. Bc2 Qc5+ 24. Rf2 Rad8 25. Qb3 Rxd1+ 26. Bxd1 Bd4 27. Nxe6
Bxf2+ 28. Kf1 Bb5+ 29. Be2 Bxe2+ 30. Kxe2 Qb6 0-1

[Event "AUTO-MASTER-281"]
[Site "http://www.queenalice.com/game.php?id=288243"]
[Date "2007.10.17"]
[Round "2"]
[White "Jotakarlos"]
[Black "Chamnix"]
[Result "1-0"]
[WhiteElo "2168"]
[BlackElo "2046"]

1. d4 Nf6 2. c4 c5 3. d5 b5 4. cxb5 a6 5. bxa6 g6 6. Nc3 Bxa6 7. e4 Bxf1 8. Kxf1
d6 9. f4 Bg7 10. Nf3 O-O 11. Kf2 Ng4+ 12. Kg3 h5 13. h3 Nh6 14. Kh2 Nd7 15. a4
Nb6 16. Qc2 Nc4 17. Nb5 Na5 18. Bd2 Qb6 19. Rhf1 Rfc8 20. f5 gxf5 21. Nh4 fxe4
22. Qxe4 Nb3 23. Bxh6 Bxh6 24. Rxf7 Kxf7 25. Qg6+ 1-0

[Event "AUTO-MASTER-281"]
[Site "http://www.queenalice.com/game.php?id=288244"]
[Date "2007.10.17"]
[Round "2"]
[White "gerchurches"]
[Black "Jotakarlos"]
[Result "0-1"]
[WhiteElo "2293"]
[BlackElo "2200"]

1. e4 e5 2. Nf3 Nc6 3. Bc4 Bc5 4. c3 Nf6 5. d4 exd4 6. cxd4 Bb4+ 7. Nc3 Nxe4 8.
O-O Bxc3 9. d5 Ne5 10. Qe2 O-O 11. bxc3 Nxc4 12. Qxc4 Nd6 13. Qd3 Qf6 14. Bg5
Qf5 15. Qxf5 Nxf5 16. Rfe1 h5 17. Nh4 d6 18. Nxf5 Bxf5 19. Re7 f6 20. Bf4 Rf7
21. Ree1 Kf8 22. h4 Re7 23. Rxe7 Kxe7 24. Rd1 b5 25. f3 Kd7 26. Rd4 a5 0-1

[Event "AUTO-MASTER-281"]
[Site "http://www.queenalice.com/game.php?id=288245"]
[Date "2007.10.17"]
[Round "2"]
[White "Jotakarlos"]
[Black "gerchurches"]
[Result "1-0"]
[WhiteElo "2184"]
[BlackElo "2309"]

1. Nf3 d5 2. d4 Nf6 3. Bf4 c5 4. c3 cxd4 5. cxd4 Qb6 6. Qb3 Qxb3 7. axb3 Nc6 8.
Nc3 Bf5 9. e3 e6 10. Bb5 Nd7 11. Bxc6 bxc6 12. Ra6 c5 13. Nb5 Rc8 14. Rxa7 cxd4
15. Nc7+ Ke7 16. exd4 Kd8 17. O-O f6 18. Re1 e5 19. Bd2 Nb8 20. Rc1 Bd7 21. dxe5
Nc6 22. Rxc6 Bxc6 23. Ba5 Ke7 24. e6 f5 25. Bc3 1-0

[Event "AUTO-OPEN-500"]
[Site "http://www.queenalice.com/game.php?id=339334"]
[Date "2008.1.20"]
[Round "3"]
[White "Gambitshark"]
[Black "Jotakarlos"]
[Result "1-0"]
[WhiteElo "2613"]
[BlackElo "2213"]

1. e4 c5 2. Nf3 Nc6 3. d4 cxd4 4. Nxd4 Nf6 5. Nc3 d6 6. f3 e5 7. Nxc6 bxc6 8.
Bc4 Be7 9. Be3 O-O 10. Qd3 Qc7 11. Bb3 Be6 12. O-O Rfd8 13. Bxe6 fxe6 14. Na4 d5
15. b3 Rd7 16. Nc5 Bxc5 17. Bxc5 dxe4 18. Qc4 exf3 19. Qxe6+ Rf7 20. Rxf3 Re8
21. Qc4 e4 22. Rff1 e3 23. Rae1 Nd5 24. Rxf7 Qxf7 25. Qf1 Qc7 26. Qf3 h6 27. Qg3
Qxg3 28. hxg3 a6 29. Kf1 Kf7 30. Ke2 Nc3+ 31. Kd3 Nxa2 32. Rxe3 Rd8+ 33. Kc4 Rd2
34. Rf3+ Ke6 35. Rf2 Rxf2 36. Bxf2 1-0

[Event "AUTO-OPEN-500"]
[Site "http://www.queenalice.com/game.php?id=339335"]
[Date "2008.1.20"]
[Round "3"]
[White "Jotakarlos"]
[Black "Gambitshark"]
[Result "0-1"]
[WhiteElo "2212"]
[BlackElo "2614"]

1. d4 Nf6 2. c4 g6 3. Nc3 Bg7 4. e4 d6 5. Be2 O-O 6. Nf3 e5 7. O-O Nc6 8. d5 Ne7
9. Ne1 Nd7 10. Be3 f5 11. f3 f4 12. Bf2 a5 13. a3 g5 14. Nd3 Rf6 15. g4 h5 16.
h3 hxg4 17. hxg4 Rh6 18. Kg2 Ng6 19. Rh1 Nh4+ 20. Kg1 b6 21. b4 Bf8 22. Ne1 Nf6
23. Ng2 axb4 24. axb4 Rxa1 25. Qxa1 Nxf3+ 26. Bxf3 Rxh1+ 27. Kxh1 Bxg4 28. Qd1
Bd7 29. Be2 Qe7 30. Kg1 Qh7 31. Be1 Be7 32. Qd3 g4 33. Nh4 g3 34. Nf3 Qh5 35.
Bf1 Ng4 36. Nd1 Nh2 0-1

[Event "AUTO-OPEN-500"]
[Site "http://www.queenalice.com/game.php?id=339336"]
[Date "2008.1.20"]
[Round "3"]
[White "grandeuberlandia"]
[Black "Jotakarlos"]
[Result "0-1"]
[WhiteElo "2257"]
[BlackElo "2211"]

1. d4 Nf6 2. c4 e6 3. Nf3 Bb4+ 4. Nbd2 b6 5. a3 Bxd2+ 6. Bxd2 Bb7 7. Bg5 h6 8.
Bh4 d6 9. e3 Nbd7 10. Bd3 g5 11. Bg3 h5 12. h3 Rg8 13. Qe2 Ne4 14. O-O-O Qe7 15.
Bh2 O-O-O 16. Ne1 g4 17. hxg4 hxg4 18. f3 gxf3 19. gxf3 Ng3 20. Bxg3 Rxg3 21.
Kb1 Qf6 22. Rf1 Rh8 23. Rf2 Rhh3 24. Rf1 c5 25. dxc5 dxc5 26. Qc2 Bc6 27. Ka1
Nb8 28. e4 Be8 29. f4 Nc6 30. e5 Qd8 31. Qb1 Nd4 32. Ka2 Ba4 33. Bc2 Qe8 34. Qc1
Bxc2 35. Nxc2 Nb3 36. Qb1 Qa4 37. Rd6 Qxc4 38. Qd1 Rd3 39. Rxd3 Rxd3 0-1

[Event "AUTO-OPEN-500"]
[Site "http://www.queenalice.com/game.php?id=339337"]
[Date "2008.1.20"]
[Round "3"]
[White "Jotakarlos"]
[Black "grandeuberlandia"]
[Result "1-0"]
[WhiteElo "2224"]
[BlackElo "2244"]

1. e4 d5 2. exd5 Nf6 3. d4 Nxd5 4. Be2 Bf5 5. Nf3 e6 6. O-O Be7 7. a3 O-O 8. c4
Nb6 9. Nc3 Bf6 10. Be3 Nc6 11. b4 e5 12. d5 e4 13. Nd4 Nxd4 14. Bxd4 c6 15. a4
cxd5 16. c5 Nd7 17. Nxd5 Be5 18. Qd2 Be6 19. Rfd1 Bxd5 20. Bxe5 Nxe5 21. Qxd5
Qxd5 22. Rxd5 Rfe8 23. Rad1 f5 24. f4 exf3 25. gxf3 f4 26. Kf2 Re7 27. h4 h6 28.
Re1 Kf7 29. h5 Rf8 30. Bf1 Kf6 31. a5 Rfe8 32. Bb5 Rb8 33. Rd4 Kf5 34. Ree4 a6
35. Ba4 g5 36. hxg6 Nxg6 37. Bc2 Kg5 38. Rd5+ Kh4 39. Re1 1-0